000 01075nam a2200265 i 4500
003 DO-SdBNP
005 20251003103731.0
007 ta
008 251003e1994 dr c|||| |||| 00| 0 spa d
040 _aDO-SdBNP
_bspa
_cBNPHU
_erda
041 _aspa
082 4 _axxx
_bC748
_222
110 _aInstituto Dominicano de Tecnología Industrial (INDOTEC)
_bBanco Central de la República Dominicana
_964605
245 1 0 _aConferencias magistrales /
_cprólogo, Federico Henríquez Grateraux ; introducción, Diógenes Rodríguez Grullón
264 1 _aSanto Domingo :
_bBanco Central de la República Dominicana,
_bInstituto Dominicano de Tecnología Industrial (INDOTEC),
_c1994.
300 _a317 páginas ;
_bretratos
_c23 cm.
336 _atexto
_btxt
_2rdacontent
337 _asin mediación
_bn
_2rdamedia
338 _avolumen
_bnc
_2rdacarrier
590 _aInventariado 2025 / YL
700 1 _aHenríquez Grateraux, Federico
_eprologuista
_4pr.
_988135
700 1 _aRodríguez Grullón, Diógenes
_eintroducción
_4int.
_988654
910 _aYLockward
942 _2ddc
_cLBS1
999 _c59914
_d59914